000 00440nam a2200145Ia 4500
008 211109s9999||||xx |||||||||||||| ||und||
082 _a824
_bARN-C
100 _aArnold, Mathew,
245 0 _aCulture And Anarchy An Essay On The Pol And Social Criticism
260 _bThomas Nelson and Sons
_aLondon
_c1900
300 _a380p
630 _xGeneral Stack
650 _aEnglish Literature
_vEnglish essaysLiterature
_xEnglish
942 _cBOOK
999 _c10642
_d10642